| 000 | 00518nam a2200205Ia 4500 | ||
|---|---|---|---|
| 003 | OSt | ||
| 005 | 20230602091619.0 | ||
| 008 | 210423s2015 xx 000 0 und d | ||
| 040 | _cAL | ||
| 041 | _akan | ||
| 082 | _a332.024K KIRS | ||
| 100 |
_aKIRAN _9118473 |
||
| 245 | _aSva-sahaya sangha margadarshi | ||
| 260 |
_aMangalore _bMahima Publishers _c2015 |
||
| 300 |
_a144 _bPB |
||
| 365 |
_b100 _cINR |
||
| 650 |
_aFinancial Economics _9118474 |
||
| 906 | _amargadarshi ; sangha ; Swa-sahaya | ||
| 942 |
_2ddc _cBK |
||
| 999 |
_c176423 _d176423 |
||